000 00465nam a22001697a 4500
003 NUST-PNEC
005 20170116180745.0
008 150122b xxu||||| |||| 00| 0 eng d
040 _cPNEC
082 _a297.1227 KHA
100 _91237
_aKhaliq, Abdul
245 _aQur'an studies : A philosophical exposition
_cDr. Abdul Khaliq
260 _aLahore :
_bMeraj Printing Press,
_cc1990.
300 _a182 p. :
_c22 cm.
651 _xGeneral
_xIslam
942 _2ddc
_cBK
999 _c62333
_d62333